[Event "POR-chT2 final"]
[Site "Torres Vedras"]
[Date "2011.07.30"]
[Round "1.2"]
[White "Teixeira, Rafael Goltsman"]
[Black "Mota, Daniel"]
[Result "1-0"]
[WhiteElo "2095"]
[BlackElo "1866"]
[PlyCount "73"]
[EventDate "2011.07.30"]
[EventType "team-tourn"]
[EventRounds "3"]
[EventCountry "POR"]
[SourceTitle "EXT 2015"]
[Source "ChessBase"]
[SourceDate "2014.11.20"]
[SourceVersion "1"]
[SourceVersionDate "2014.11.20"]
[SourceQuality "1"]
[WhiteTeam "Madeira Sao Joao"]
[BlackTeam "Santoantoniense"]
[WhiteTeamCountry "POR"]
[BlackTeamCountry "POR"]

1. e4 e6 2. d4 d5 3. Nd2 Nf6 4. e5 Nfd7 5. Bd3 c5 6. c3 Nc6 7. Ngf3 Qb6 8. 0-0 cxd4 9. cxd4 g6 10. Nb3 Bg7 11. Be3 0-0 12. Ng5 Qd8 13. Qg4 Ndxe5 14. dxe5 Nxe5 15. Qe2 Nxd3 16. Qxd3 Bxb2 17. Rad1 Bf6 18. Nf3 b6 19. Bd4 Bb7 20. Ne5 Rc8 21. Rfe1 Qe7 22. Qe2 Rc7 23. Ng4 Bxd4 24. Nxd4 h5 25. Ne5 Kg7 26. Qd3 Qf6 27. Qa3 a5 28. Qd6 Rfc8 29. Nd7 Qg5 30. f4 Qg4 31. Qe5+ Kh6 32. Nf6 Qh4 33. Nf3 Qxe1+ 34. Rxe1 Rc2 35. Qg5+ Kg7 36. Nxh5+ Kh7 37. Qf6 1-0

[Event "POR-chT2 final"]
[Site "Torres Vedras"]
[Date "2011.07.30"]
[Round "2.1"]
[White "Teixeira, Rafael Goltsman"]
[Black "Quintino, Luis Felipe Pires"]
[Result "1-0"]
[WhiteElo "2095"]
[BlackElo "2001"]
[PlyCount "93"]
[EventDate "2011.07.30"]
[EventType "team-tourn"]
[EventRounds "3"]
[EventCountry "POR"]
[SourceTitle "EXT 2015"]
[Source "ChessBase"]
[SourceDate "2014.11.20"]
[SourceVersion "1"]
[SourceVersionDate "2014.11.20"]
[SourceQuality "1"]
[WhiteTeam "Madeira Sao Joao"]
[BlackTeam "Luis de Camoes"]
[WhiteTeamCountry "POR"]
[BlackTeamCountry "POR"]

1. e4 c5 2. Nf3 d6 3. d4 cxd4 4. Qxd4 Nc6 5. Bb5 Bd7 6. Bxc6 Bxc6 7. Nc3 Nf6 8. Bg5 e6 9. 0-0-0 Be7 10. Rhe1 Qc7 11. Qd2 0-0-0 12. Nd4 h6 13. Bh4 g5 14. Bg3 a6 15. f3 Nh5 16. Bf2 Bf6 17. Nxc6 Qxc6 18. Bd4 Bxd4 19. Qxd4 Nf4 20. g3 Ng6 21. Re3 Kb8 22. Na4 d5 23. Rc3 e5 24. Qb4 Qb5 25. Rb3 Qxb4 26. Rxb4 dxe4 27. fxe4 Rxd1+ 28. Kxd1 Rd8+ 29. Ke2 Rd4 30. Rxd4 exd4 31. Nc5 Ne5 32. Nb3 Nc4 33. Nxd4 Nxb2 34. Nf5 h5 35. Nd6 Kc7 36. Nxf7 g4 37. Ke3 Nd1+ 38. Kd4 Kd7 39. Ne5+ Ke6 40. Nd3 Kf6 41. e5+ Kf5 42. Nc5 Nf2 43. Kd5 Nd1 44. e6 Nc3+ 45. Kd6 Nb5+ 46. Kd7 Ke5 47. e7 1-0

[Event "Lisbon Mestres"]
[Site "Lisbon"]
[Date "2009.06.23"]
[Round "4"]
[White "Pereira, Ruben Miguel Nunes"]
[Black "Teixeira, Rafael Goltsman"]
[Result "1-0"]
[WhiteElo "2422"]
[BlackElo "2168"]
[PlyCount "35"]
[EventDate "2009.06.20"]
[EventType "tourn"]
[EventRounds "9"]
[EventCountry "POR"]
[SourceTitle "EXT 2018"]
[Source "ChessBase"]
[SourceDate "2017.10.13"]
[SourceVersion "1"]
[SourceVersionDate "2017.10.13"]
[SourceQuality "1"]

1. e4 c5 2. Nc3 g6 3. d4 Bg7 4. dxc5 Qa5 5. Bd2 Qxc5 6. Nd5 Na6 7. Bxa6 bxa6 8. Nf3 Rb8 9. Rb1 Nf6 10. Be3 Qc4 11. Nd2 Qc6 12. Bxa7 Rb7 13. Bd4 Qe6 14. 0-0 0-0 15. c4 Bh6 16. Re1 d6 17. Nf1 Ng4 18. f4 1-0

[Event "Lisbon Mestres"]
[Site "Lisbon"]
[Date "2009.06.22"]
[Round "3"]
[White "Teixeira, Rafael Goltsman"]
[Black "Oliveira, Carlos Andre Ramalh"]
[Result "0-1"]
[WhiteElo "2168"]
[BlackElo "2165"]
[PlyCount "78"]
[EventDate "2009.06.20"]
[EventType "tourn"]
[EventRounds "9"]
[EventCountry "POR"]
[SourceTitle "EXT 2018"]
[Source "ChessBase"]
[SourceDate "2017.10.13"]
[SourceVersion "1"]
[SourceVersionDate "2017.10.13"]
[SourceQuality "1"]

1. e4 e5 2. Nf3 Nf6 3. Bc4 Nc6 4. 0-0 Bc5 5. d4 Bxd4 6. Nxd4 Nxd4 7. Bg5 h6 8. Bh4 g5 9. f4 Ne6 10. fxe5 Nxe4 11. Qf3 Qe7 12. Qxe4 gxh4 13. Nc3 c6 14. Kh1 h3 15. gxh3 Ng5 16. Qf4 b5 17. Bb3 Bb7 18. h4 Ne6 19. Qf3 0-0-0 20. Rad1 Rhg8 21. Ne4 Kb8 22. Nd6 Ba8 23. a4 Nc7 24. axb5 cxb5 25. Bd5 Nxd5 26. Rxd5 a6 27. Ra1 Qxe5 28. Rxb5+ Qxb5 29. Qxa8+ Kxa8 30. Nxb5 Rg6 31. Nd4 Re8 32. h5 Rf6 33. b4 Rc8 34. b5 Rc4 35. c3 Rxc3 36. bxa6 Rc5 37. Nb3 Rxh5 38. Nd2 Rf2 39. Nc4 Rfxh2+ 0-1

[Event "Wch U18"]
[Site "Vung Tau"]
[Date "2008.10.29"]
[Round "10"]
[White "Schon, Eugene"]
[Black "Teixeira, Rafael Goltsman"]
[Result "1-0"]
[WhiteElo "2066"]
[BlackElo "2192"]
[PlyCount "61"]
[EventDate "2008.10.20"]
[EventType "swiss"]
[EventRounds "11"]
[EventCountry "VIE"]
[SourceTitle "EXT 2009"]
[Source "ChessBase"]
[SourceDate "2008.11.26"]
[SourceVersion "1"]
[SourceVersionDate "2008.11.26"]
[SourceQuality "1"]

1. e4 c5 2. Nf3 d6 3. d4 cxd4 4. Nxd4 Nf6 5. Nc3 g6 6. Be3 Bg7 7. f3 0-0 8. Qd2 Nc6 9. Bc4 Bd7 10. 0-0-0 Qa5 11. Bb3 Rfc8 12. h4 Ne5 13. Kb1 Nc4 14. Bxc4 Rxc4 15. Nb3 Qd8 16. Bd4 Be6 17. h5 Rxd4 18. Nxd4 Nxh5 19. g4 Nf6 20. Nxe6 fxe6 21. e5 Ne8 22. Ne4 Qb6 23. c3 d5 24. Ng5 h6 25. Nh3 Nc7 26. Qd3 Nb5 27. Ka1 Qa5 28. f4 Rc8 29. Qxg6 Rc6 30. Ng5 hxg5 31. Rh7 1-0

[Event "Wch U18"]
[Site "Vung Tau"]
[Date "2008.10.27"]
[Round "8"]
[White "Rabbitte, Liam F"]
[Black "Teixeira, Rafael Goltsman"]
[Result "0-1"]
[WhiteElo "2012"]
[BlackElo "2192"]
[PlyCount "54"]
[EventDate "2008.10.20"]
[EventType "swiss"]
[EventRounds "11"]
[EventCountry "VIE"]
[SourceTitle "EXT 2009"]
[Source "ChessBase"]
[SourceDate "2008.11.26"]
[SourceVersion "1"]
[SourceVersionDate "2008.11.26"]
[SourceQuality "1"]

1. e4 c5 2. Nc3 g6 3. f4 Nc6 4. Nf3 Bg7 5. a3 e6 6. b4 d6 7. bxc5 dxc5 8. e5 f6 9. Ne4 fxe5 10. Bb2 Nf6 11. Nxf6+ Qxf6 12. fxe5 Qf4 13. Bd3 0-0 14. 0-0 Bd7 15. Rb1 Ne7 16. Qe2 Bh6 17. Bc4 Nf5 18. Bc1 Nd4 19. Qd3 b5 20. Ba2 Qg4 21. h3 Nxf3+ 22. Rxf3 Rxf3 23. Qxd7 Rf1+ 24. Kxf1 Qd1+ 25. Kf2 Rf8+ 26. Kg3 Qe1+ 27. Kh2 Bf4+ 0-1

[Event "Wch U18"]
[Site "Vung Tau"]
[Date "2008.10.23"]
[Round "5"]
[White "Teixeira, Rafael Goltsman"]
[Black "Ertan, Can"]
[Result "0-1"]
[WhiteElo "2192"]
[BlackElo "2135"]
[PlyCount "58"]
[EventDate "2008.10.20"]
[EventType "swiss"]
[EventRounds "11"]
[EventCountry "VIE"]
[SourceTitle "EXT 2009"]
[Source "ChessBase"]
[SourceDate "2008.11.26"]
[SourceVersion "1"]
[SourceVersionDate "2008.11.26"]
[SourceQuality "1"]

1. e4 Nc6 2. Nf3 e5 3. Bc4 Bc5 4. 0-0 Nf6 5. d4 Bxd4 6. Nxd4 Nxd4 7. Bg5 d6 8. f4 Be6 9. Na3 Qe7 10. c3 Nc6 11. f5 Bxc4 12. Nxc4 Qf8 13. Bxf6 gxf6 14. Ne3 0-0-0 15. Nd5 Qh6 16. b4 Rhe8 17. Rf3 Ne7 18. Nxe7+ Rxe7 19. Qa4 Kb8 20. b5 Qd2 21. Rd1 Qe2 22. Rfd3 Rg8 23. g3 Rg4 24. c4 Rxe4 25. Ra3 Kc8 26. Rad3 Rd4 27. Qb3 Qe4 28. b6 axb6 29. a4 Rxc4 0-1

[Event "Wch U18"]
[Site "Vung Tau"]
[Date "2008.10.20"]
[Round "1"]
[White "Teixeira, Rafael Goltsman"]
[Black "Can, Emre"]
[Result "1/2-1/2"]
[WhiteElo "2192"]
[BlackElo "2464"]
[PlyCount "156"]
[EventDate "2008.10.20"]
[EventType "swiss"]
[EventRounds "11"]
[EventCountry "VIE"]
[SourceTitle "EXT 2009"]
[Source "ChessBase"]
[SourceDate "2008.11.26"]
[SourceVersion "1"]
[SourceVersionDate "2008.11.26"]
[SourceQuality "1"]

1. e4 e6 2. d4 d5 3. Nd2 Nf6 4. e5 Nfd7 5. Bd3 c5 6. c3 Nc6 7. Ngf3 Be7 8. 0-0 cxd4 9. cxd4 Nb6 10. Nb3 a5 11. Bb5 0-0 12. Nc5 Nd7 13. Qa4 Bxc5 14. Bxc6 Be7 15. Bb5 Nb6 16. Qc2 Bd7 17. Bd3 h6 18. b3 Qc8 19. Qe2 a4 20. Bd2 Ra7 21. Rac1 Qe8 22. b4 Nc4 23. Rxc4 dxc4 24. Bxc4 Bc6 25. a3 Qd7 26. Be3 Raa8 27. Nd2 Rfc8 28. Bd3 Bd5 29. Ne4 Bxe4 30. Bxe4 Rc3 31. Qg4 Kf8 32. d5 Rc4 33. d6 Bxd6 34. exd6 f5 35. Qg6 Rxe4 36. Qh7 Kf7 37. Bxh6 Rg8 38. Bg5 Qxd6 39. Qh5+ g6 40. Qh7+ Rg7 41. Qh8 Qf8 42. Qxf8+ Kxf8 43. Bh6 Rc4 44. Rd1 Kg8 45. Bxg7 Kxg7 46. Rd7+ Kf6 47. Kf1 Rc3 48. Rxb7 Rxa3 49. f4 g5 50. fxg5+ Kxg5 51. Re7 Kf6 52. Ra7 Ke5 53. h4 Kf4 54. h5 Kg5 55. h6 Kxh6 56. Ra6 Re3 57. Rxa4 Kg5 58. Kf2 Rb3 59. Ra6 e5 60. Rb6 Kf4 61. b5 Rb2+ 62. Kg1 e4 63. Rb8 Rb1+ 64. Kf2 Rb2+ 65. Kg1 Ke3 66. b6 Rb1+ 67. Kh2 Kf4 68. g3+ Ke3 69. Rf8 Rxb6 70. Rxf5 Kd2 71. Rd5+ Ke2 72. Kg2 e3 73. g4 Ke1 74. g5 e2 75. Re5 Rb4 76. Kf3 Rb3+ 77. Kf4 Kf2 78. Rxe2+ Kxe2 1/2-1/2

[Event "POR-chT 50th"]
[Site "Evora"]
[Date "2008.07.27"]
[Round "2"]
[White "Francisco, Luis"]
[Black "Teixeira, Rafael Goltsman"]
[Result "0-1"]
[WhiteElo "2007"]
[BlackElo "2155"]
[PlyCount "102"]
[EventDate "2008.07.26"]
[EventType "team-tourn"]
[EventRounds "9"]
[EventCountry "POR"]
[SourceTitle "EXT 2009"]
[Source "ChessBase"]
[SourceDate "2008.11.26"]
[SourceVersion "1"]
[SourceVersionDate "2008.11.26"]
[SourceQuality "1"]

1. b3 d5 2. Bb2 c5 3. e3 e6 4. f4 Nf6 5. Nf3 Be7 6. Be2 0-0 7. 0-0 Bd7 8. d3 Nc6 9. h3 Ne8 10. e4 Nd6 11. Nbd2 f5 12. exd5 exd5 13. Ne5 Bf6 14. Ndf3 d4 15. Nxd7 Qxd7 16. Nd2 Nf7 17. Bf3 Qc7 18. Kh1 Bh4 19. c3 dxc3 20. Bxc3 Rad8 21. Bxc6 Qxc6 22. Nf3 Bf6 23. Rc1 Bxc3 24. Rxc3 Qd6 25. Qc1 b6 26. Rd1 Rfe8 27. b4 cxb4 28. Rc7 Re7 29. Rxe7 Qxe7 30. Qc4 Qc5 31. Qb3 Qd5 32. Qxb4 Qxa2 33. Qe7 Qa4 34. Re1 Rf8 35. d4 a5 36. d5 Qxf4 37. Qb7 g5 38. Re7 g4 39. Ng1 Qg5 40. Rd7 Qf6 41. Rc7 Ng5 42. d6 Ne4 43. Qd5+ Kh8 44. d7 Nf2+ 45. Kh2 f4 46. hxg4 Qh4+ 47. Nh3 Qg3+ 48. Kg1 Nxh3+ 49. Kh1 Qe1+ 50. Kh2 Qg1+ 51. Kxh3 Qh1# 0-1

[Event "Lisbon National-B"]
[Site "Lisbon"]
[Date "2008.??.??"]
[Round "5"]
[White "Leite Oralova, Catarina"]
[Black "Teixeira, Rafael Goltsman"]
[Result "0-1"]
[WhiteElo "2202"]
[BlackElo "2140"]
[PlyCount "108"]
[EventDate "2008.06.26"]
[EventType "tourn"]
[EventRounds "9"]
[EventCountry "POR"]
[SourceTitle "EXT 2011"]
[Source "ChessBase"]
[SourceDate "2010.11.26"]
[SourceVersion "1"]
[SourceVersionDate "2010.11.26"]
[SourceQuality "1"]

1. e4 Nf6 2. Nc3 d5 3. exd5 Nxd5 4. d4 Nxc3 5. bxc3 g6 6. Nf3 Bg7 7. Bc4 0-0 8. 0-0 c5 9. Ba3 Nd7 10. Qe2 Qa5 11. Bb2 Nb6 12. Bb3 Bg4 13. dxc5 Qxc5 14. h3 Bxf3 15. Qxf3 Nc4 16. Bc1 Nd6 17. Bd2 Rac8 18. Rfe1 e6 19. Rad1 Qc6 20. Qe3 Nf5 21. Qe4 Qxe4 22. Rxe4 Rfd8 23. Ree1 Rxd2 24. Rxd2 Bxc3 25. Red1 Bxd2 26. Rxd2 Rc7 27. g4 Ne7 28. Kg2 g5 29. Rd3 Ng6 30. Kg3 Nf4 31. Re3 Kg7 32. h4 h6 33. hxg5 hxg5 34. Kf3 Kf6 35. Ke4 Rc5 36. Kd4 b6 37. c4 Ke7 38. Re1 Ng6 39. Rh1 Ne5 40. Rh5 Nxg4 41. f3 Ne5 42. Rh3 Ng6 43. Rh5 Nh4 44. Ke3 Re5+ 45. Kf2 Kf6 46. Bc2 Nf5 47. Rh8 Nd4 48. Bd3 Ra5 49. Ke3 Nf5+ 50. Kd2 Rxa2+ 51. Kc3 Ra3+ 52. Kd2 Nh4 53. f4 Nf3+ 54. Ke3 gxf4+ 0-1

[Event "Lisbon National-B"]
[Site "Lisbon"]
[Date "2008.??.??"]
[Round "3"]
[White "Marques, Rui Filipe Pereira"]
[Black "Teixeira, Rafael Goltsman"]
[Result "0-1"]
[WhiteElo "2155"]
[BlackElo "2140"]
[PlyCount "150"]
[EventDate "2008.06.26"]
[EventType "tourn"]
[EventRounds "9"]
[EventCountry "POR"]
[SourceTitle "EXT 2011"]
[Source "ChessBase"]
[SourceDate "2010.11.26"]
[SourceVersion "1"]
[SourceVersionDate "2010.11.26"]
[SourceQuality "1"]

1. e4 d6 2. d4 Nf6 3. Nc3 e5 4. Nf3 exd4 5. Nxd4 Be7 6. g3 0-0 7. Bg2 c5 8. Nde2 Nc6 9. 0-0 Be6 10. h3 Re8 11. Be3 Qa5 12. Nf4 Bc4 13. Re1 Bf8 14. g4 Rad8 15. g5 Nd7 16. Nfd5 b5 17. a3 Rb8 18. b4 Qd8 19. a4 a5 20. axb5 Nxb4 21. Rb1 Nb6 22. Nxb6 Rxb6 23. Na4 Rxb5 24. Nb2 Ba2 25. Ra1 Be6 26. Qe2 Rb8 27. Nc4 Nc6 28. Red1 Bxc4 29. Qxc4 Rb4 30. Qa6 Qb6 31. Qxb6 Rxb6 32. c3 Rb3 33. Rac1 Ne5 34. Bf1 c4 35. Bf4 Ra3 36. Bxe5 Rxe5 37. f3 Rxg5+ 38. Kf2 Rc5 39. Rd4 Ra4 40. Rb1 g6 41. Rb8 Kg7 42. Re8 Ra2+ 43. Kg3 Rc2 44. Rxc4 Rxc3 45. Rxc3 Rxc3 46. Ra8 Rc5 47. Ba6 Be7 48. Bb7 f5 49. Bd5 Kf6 50. Ra7 h6 51. h4 fxe4 52. fxe4 Rc3+ 53. Kf4 Ra3 54. Kg4 h5+ 55. Kf4 Rh3 56. Ra6 Rxh4+ 57. Kg3 Rg4+ 58. Kf3 Rg1 59. Rxa5 h4 60. Ra2 Rg3+ 61. Kf2 Kg5 62. Ra7 Bf6 63. Rf7 Bd4+ 64. Ke2 Rg2+ 65. Kf1 Rg1+ 66. Ke2 Be5 67. Rf1 Rg2+ 68. Rf2 Rxf2+ 69. Kxf2 Kf4 70. Kg2 g5 71. Kh3 g4+ 72. Kxh4 Kf3 73. Be6 g3 74. Bg4+ Kf2 75. Kh3 g2 0-1

[Event "Lisbon National-B"]
[Site "Lisbon"]
[Date "2008.??.??"]
[Round "9"]
[White "Santos, Micael Costa"]
[Black "Teixeira, Rafael Goltsman"]
[Result "0-1"]
[WhiteElo "2026"]
[BlackElo "2140"]
[PlyCount "62"]
[EventDate "2008.06.26"]
[EventType "tourn"]
[EventRounds "9"]
[EventCountry "POR"]
[SourceTitle "EXT 2011"]
[Source "ChessBase"]
[SourceDate "2010.11.26"]
[SourceVersion "1"]
[SourceVersionDate "2010.11.26"]
[SourceQuality "1"]

1. e4 c5 2. Nf3 d6 3. d4 cxd4 4. Nxd4 Nf6 5. Nc3 g6 6. Be2 Bg7 7. Be3 0-0 8. Qd2 Nc6 9. 0-0-0 Ng4 10. Bxg4 Bxg4 11. f3 Bd7 12. Nde2 Ne5 13. Bh6 Nc4 14. Qf4 e5 15. Qg5 Bf6 16. Qg3 Bh4 17. b3 Bxg3 18. hxg3 Nb6 19. f4 Re8 20. Rh4 exf4 21. Rdh1 Rc8 22. gxf4 Qf6 23. Bg5 Qh8 24. e5 dxe5 25. Ne4 Nd5 26. f5 Bxf5 27. N2g3 Bxe4 28. Nxe4 f5 29. Nd6 e4 30. Nxc8 Rxc8 31. R4h3 e3 0-1

[Event "EU-ch U18 17th"]
[Site "Sibenik"]
[Date "2007.09.20"]
[Round "7"]
[White "Teixeira, Rafael Goltsman"]
[Black "Rosberg, Simon"]
[Result "0-1"]
[WhiteElo "2188"]
[BlackElo "2205"]
[PlyCount "44"]
[EventDate "2007.09.14"]
[EventType "swiss"]
[EventRounds "9"]
[EventCountry "CRO"]
[SourceTitle "CBM 120 Extra"]
[Source "ChessBase"]
[SourceDate "2007.11.01"]
[SourceVersion "1"]
[SourceVersionDate "2007.11.01"]
[SourceQuality "1"]

1. d4 e6 2. e4 d5 3. Nd2 Nc6 4. Ngf3 Nf6 5. e5 Nd7 6. Bb5 a6 7. Bxc6 bxc6 8. Nb3 c5 9. Na5 c6 10. Bd2 Qb6 11. c4 cxd4 12. 0-0 c5 13. cxd5 exd5 14. Ng5 Be7 15. Qf3 Bxg5 16. Bxg5 Qe6 17. Rfe1 0-0 18. Rac1 c4 19. Nxc4 Rb8 20. Na5 Rxb2 21. Rc6 Nxe5 22. Qa3 Nf3+ 0-1

[Event "EU-ch U18 17th"]
[Site "Sibenik"]
[Date "2007.09.14"]
[Round "1"]
[White "Teixeira, Rafael Goltsman"]
[Black "Olszewski, Michal"]
[Result "0-1"]
[WhiteElo "2188"]
[BlackElo "2409"]
[PlyCount "70"]
[EventDate "2007.09.14"]
[EventType "swiss"]
[EventRounds "9"]
[EventCountry "CRO"]
[SourceTitle "CBM 120 Extra"]
[Source "ChessBase"]
[SourceDate "2007.11.01"]
[SourceVersion "1"]
[SourceVersionDate "2007.11.01"]
[SourceQuality "1"]

1. e4 e5 2. Nf3 Nc6 3. Bb5 a6 4. Ba4 Nf6 5. d4 exd4 6. 0-0 Be7 7. e5 Ne4 8. Nxd4 0-0 9. Nf5 d5 10. Bxc6 bxc6 11. Nxe7+ Qxe7 12. Re1 Re8 13. f3 Nd6 14. b3 Nf5 15. Qd2 Qc5+ 16. Qf2 Qd4 17. Qxd4 Nxd4 18. Na3 Bf5 19. Be3 Ne6 20. g4 Bg6 21. f4 Be4 22. c4 h5 23. gxh5 f5 24. Kf2 Kf7 25. h4 Rh8 26. Kg3 Rxh5 27. Re2 Rah8 28. Rh2 d4 29. Bd2 Nf8 30. Ba5 Ng6 31. Rd1 c5 32. Bxc7 Rxh4 33. Rxh4 Rxh4 34. Bd6 Rg4+ 35. Kf2 Nxf4 0-1

[Event "POR-ch prel"]
[Site "Lisbon"]
[Date "2007.08.17"]
[Round "7"]
[White "Baptista, Ana Filipa"]
[Black "Teixeira, Rafael Goltsman"]
[Result "1/2-1/2"]
[WhiteElo "2055"]
[BlackElo "2188"]
[PlyCount "30"]
[EventDate "2007.08.11"]
[EventType "swiss"]
[EventRounds "9"]
[EventCountry "POR"]
[SourceTitle "EXT 2022"]
[Source "ChessBase"]
[SourceDate "2021.10.06"]
[SourceVersion "1"]
[SourceVersionDate "2021.10.06"]
[SourceQuality "1"]

1. b3 e5 2. Bb2 d6 3. e3 Nf6 4. f4 exf4 5. exf4 Be7 6. Nf3 0-0 7. Bd3 Nd5 8. g3 Bf6 9. Nc3 Re8+ 10. Kf2 Nxc3 11. Bxc3 Bxc3 12. dxc3 h6 13. Re1 Bg4 14. Rxe8+ Qxe8 15. Qe1 Nd7 1/2-1/2

[Event "POR-ch prel"]
[Site "Lisbon"]
[Date "2007.08.13"]
[Round "3"]
[White "Teixeira, Rafael Goltsman"]
[Black "Durao, Joaquim Manuel"]
[Result "1-0"]
[WhiteElo "2188"]
[BlackElo "2121"]
[PlyCount "137"]
[EventDate "2007.08.11"]
[EventType "swiss"]
[EventRounds "9"]
[EventCountry "POR"]
[SourceTitle "EXT 2022"]
[Source "ChessBase"]
[SourceDate "2021.10.06"]
[SourceVersion "1"]
[SourceVersionDate "2021.10.06"]
[SourceQuality "1"]

1. d4 Nf6 2. Bg5 d5 3. e3 Bf5 4. Bxf6 gxf6 5. Nf3 c6 6. Bd3 Bxd3 7. Qxd3 Qb6 8. 0-0 Qxb2 9. Nbd2 Qb6 10. Rab1 Qc7 11. e4 dxe4 12. Nxe4 Nd7 13. d5 cxd5 14. Qxd5 Qc6 15. Qf5 Bg7 16. Nd4 Qc8 17. Qg4 Kf8 18. Rfd1 h5 19. Qh3 e6 20. Nd6 Qc7 21. Nxf7 Kxf7 22. Qxe6+ Kg6 23. Qf5+ Kh6 24. Ne6 Qe5 25. Nxg7 Qxf5 26. Nxf5+ Kg5 27. Rb5 Ne5 28. Nd4 Kg6 29. f4 Nc6 30. f5+ Kh6 31. Nxc6 bxc6 32. Rc5 Rhd8 33. Rxd8 Rxd8 34. Rxc6 Kg5 35. Rc5 Rd2 36. h3 Rd1+ 37. Kf2 Ra1 38. Ra5 Rc1 39. Rc5 Ra1 40. g3 Rxa2 41. Kf3 Ra3+ 42. c3 Ra1 43. h4+ Kh6 44. Rc6 Kg7 45. Rc7+ Kg8 46. Ke4 Re1+ 47. Kd5 a5 48. Rc8+ Kg7 49. Rc7+ Kg8 50. Kc4 Re5 51. Rc5 a4 52. Rc8+ Kg7 53. Rc7+ Kg8 54. Kb4 Rxf5 55. Kxa4 Rf3 56. c4 Rxg3 57. c5 Rg4+ 58. Kb5 Rxh4 59. c6 Rh1 60. Rd7 Rc1 61. c7 h4 62. Rd8+ Kg7 63. c8Q Rxc8 64. Rxc8 Kg6 65. Kc4 Kf5 66. Kd3 Kf4 67. Ke2 Kg3 68. Rg8+ Kh2 69. Kf2 1-0

[Event "POR-ch prel"]
[Site "Lisbon"]
[Date "2007.08.12"]
[Round "2"]
[White "Nunes, Leonardo"]
[Black "Teixeira, Rafael Goltsman"]
[Result "0-1"]
[WhiteElo "2023"]
[BlackElo "2188"]
[PlyCount "34"]
[EventDate "2007.08.11"]
[EventType "swiss"]
[EventRounds "9"]
[EventCountry "POR"]
[SourceTitle "EXT 2022"]
[Source "ChessBase"]
[SourceDate "2021.10.06"]
[SourceVersion "1"]
[SourceVersionDate "2021.10.06"]
[SourceQuality "1"]

1. e4 c5 2. c3 g6 3. d4 cxd4 4. cxd4 d5 5. exd5 Nf6 6. Nc3 Bg7 7. Nf3 0-0 8. Qb3 Nbd7 9. Be2 Nb6 10. 0-0 Nfxd5 11. Ne4 Be6 12. Nc5 Nf4 13. Nxe6 Nxe2+ 14. Kh1 Nxc1 15. Raxc1 fxe6 16. Qxe6+ Kh8 17. Ng5 Qd5 0-1

[Event "Lisbon-ch final"]
[Site "Lisbon"]
[Date "2007.06.26"]
[Round "7"]
[White "Teixeira, Rafael Goltsman"]
[Black "Leite Oralova, Catarina"]
[Result "1-0"]
[WhiteElo "2229"]
[BlackElo "2232"]
[PlyCount "63"]
[EventDate "2007.06.15"]
[EventType "swiss"]
[EventRounds "9"]
[EventCountry "POR"]
[SourceTitle "EXT 2018"]
[Source "ChessBase"]
[SourceDate "2017.10.13"]
[SourceVersion "1"]
[SourceVersionDate "2017.10.13"]
[SourceQuality "1"]

1. d4 d6 2. e4 Nf6 3. Nc3 Nbd7 4. f4 e5 5. Nf3 c6 6. Bd3 exd4 7. Nxd4 Nc5 8. Be3 Qe7 9. Qf3 Bg4 10. Qg3 h5 11. e5 Nxd3+ 12. cxd3 Nd7 13. h3 Be6 14. 0-0 h4 15. Qh2 dxe5 16. fxe5 0-0-0 17. Rac1 Kb8 18. Ne4 Ka8 19. Rc3 Bd5 20. e6 Nf6 21. Nc5 fxe6 22. b4 e5 23. Nf5 Qe8 24. Ra3 b6 25. Na6 Kb7 26. Nc7 Qd7 27. Qxe5 Rh5 28. Na6 Bd6 29. Nxd6+ Qxd6 30. Nc5+ Qxc5 31. Rxa7+ Kxa7 32. Qc7+ 1-0

[Event "Lisbon-ch final"]
[Site "Lisbon"]
[Date "2007.06.18"]
[Round "2"]
[White "Teixeira, Rafael Goltsman"]
[Black "Peixoto, Antonio Pedro B Dua"]
[Result "1-0"]
[WhiteElo "2229"]
[BlackElo "2091"]
[PlyCount "111"]
[EventDate "2007.06.15"]
[EventType "swiss"]
[EventRounds "9"]
[EventCountry "POR"]
[SourceTitle "EXT 2018"]
[Source "ChessBase"]
[SourceDate "2017.10.13"]
[SourceVersion "1"]
[SourceVersionDate "2017.10.13"]
[SourceQuality "1"]

1. e4 c6 2. d4 d5 3. e5 Bf5 4. Nf3 e6 5. Be2 Ne7 6. 0-0 Qb6 7. Nc3 Nd7 8. b3 Qa5 9. Bd2 Qc7 10. Be3 a6 11. Na4 b5 12. Nb2 Nc8 13. Nh4 Be4 14. f3 Bg6 15. f4 Be7 16. Nxg6 hxg6 17. Nd3 Ncb6 18. Qe1 a5 19. g4 f5 20. Qg3 Kf7 21. Kh1 Rag8 22. Rg1 Nf8 23. Ne1 Bh4 24. Qg2 Bxe1 25. Raxe1 Rh7 26. Qg3 Rgh8 27. Rg2 Qe7 28. Reg1 Qa3 29. gxf5 exf5 30. Bc1 Qb4 31. e6+ Kxe6 32. c3 Qd6 33. c4 dxc4 34. bxc4 Nxc4 35. Bxc4+ bxc4 36. Ba3 Qd5 37. Bxf8 Rxh2+ 38. Qxh2 Rxh2+ 39. Kxh2 Qf3 40. Rxg6+ Kf7 41. R6g3 Qxf4 42. Bxg7 c3 43. Be5 Qh4+ 44. Rh3 Qf2+ 45. Rg2 Qe1 46. Rc2 Ke6 47. Rhxc3 Kd5 48. Kg2 Qe4+ 49. Kf2 Qh4+ 50. Ke2 f4 51. Rf3 Qh2+ 52. Rf2 Qh5+ 53. Kd2 f3 54. Rc3 Ke4 55. Rfxf3 c5 56. Rf4+ 1-0

[Event "Lisbon Honra"]
[Site "Lisbon"]
[Date "2007.05.29"]
[Round "9"]
[White "Cardoso, Miguel Sanchez"]
[Black "Teixeira, Rafael Goltsman"]
[Result "0-1"]
[WhiteElo "1843"]
[BlackElo "2229"]
[PlyCount "70"]
[EventDate "2007.05.21"]
[EventType "tourn"]
[EventRounds "9"]
[EventCountry "POR"]
[SourceTitle "EXT 2015"]
[Source "ChessBase"]
[SourceDate "2014.11.20"]
[SourceVersion "1"]
[SourceVersionDate "2014.11.20"]
[SourceQuality "1"]

1. e4 c5 2. Nf3 d6 3. Be2 Nf6 4. c3 Nbd7 5. d3 g6 6. 0-0 Bg7 7. Re1 0-0 8. Bf1 b6 9. g3 Ba6 10. d4 Bxf1 11. Kxf1 e5 12. d5 c4 13. Bg5 h6 14. Bd2 Nc5 15. Qc2 Qc8 16. Ng1 Nfd7 17. b4 Nd3 18. Re3 f5 19. Rxd3 cxd3 20. Qxd3 Nf6 21. Kg2 Nxe4 22. Be1 a5 23. f3 Nf6 24. b5 Qc5 25. Nd2 Qxd5 26. Qe3 e4 27. Qxb6 exf3+ 28. Ngxf3 Rfe8 29. Bf2 Re2 30. Re1 Rxd2 31. Qc7 Ne4 32. b6 Rxf2+ 33. Kh3 Ng5+ 34. Kh4 Nxf3+ 35. Kh3 Rxh2# 0-1

[Event "Setubal District-ch final"]
[Site "Barreiro"]
[Date "2007.03.11"]
[Round "5"]
[White "Teixeira, Rafael Goltsman"]
[Black "Reis, Luis Simoes"]
[Result "0-1"]
[WhiteElo "2213"]
[BlackElo "2074"]
[PlyCount "68"]
[EventDate "2007.02.25"]
[EventType "swiss"]
[EventRounds "7"]
[EventCountry "POR"]
[SourceTitle "EXT 2023"]
[Source "ChessBase"]
[SourceDate "2022.10.05"]
[SourceVersion "1"]
[SourceVersionDate "2022.10.05"]
[SourceQuality "1"]

1. e3 e5 2. d4 exd4 3. exd4 d5 4. Bd3 Bd6 5. Nf3 Ne7 6. 0-0 0-0 7. Nc3 c6 8. Ne5 c5 9. Nb5 Bxe5 10. Qh5 Ng6 11. dxe5 Nc6 12. Re1 c4 13. Bf5 Bxf5 14. Qxf5 Ngxe5 15. Bf4 f6 16. Rad1 d4 17. Re4 d3 18. cxd3 cxd3 19. Be3 Qc8 20. Qh5 Qe8 21. Qxe8 Raxe8 22. Bc5 Nd7 23. Rxe8 Rxe8 24. Be3 Nde5 25. Nd6 Rd8 26. Nxb7 Rb8 27. Nc5 Rxb2 28. f4 Nc4 29. Nxd3 Rxg2+ 30. Kh1 Nxe3 31. Re1 Rxa2 32. Rxe3 Nd4 33. Nc5 Rf2 34. Ne4 Re2 0-1